00839nam a2200217 a 4500001001000000003000500010005001700015008004100032010001100073011001100084040000900095100002700104245015600131260004100287500006000328502007900388650002400467650003400491650002600525856007000551000112256CHAP20220329144253.0160119s2015 mx a fsm |||||||spa d a108717 a109689 cCHAP1 aGirón López, Lucia10aMicropropagación de la variedad Martha de Dahlia brevis, una especie en peligro de extinción en México/h[En línea]cpor Lucia Girón López. aChapingo, Méx. :bEl autor,c2015. aPara ver el contenido del material haga clic en la liga aTesis (Ing. Agr. Esp. en Fitotecnica) -- UACH. Departamento de Fitotecnica14aCultivo de tejidos.14aDaliaxExtinciónzMéxico.14aDaliaxPropagación. aFinding aiduhttp://10.13.5.2/tesis/sist112256.pdfzTeclea aquí